004830000a22001330004500090001700000245012000017041001400137700003900151700002800190100003700218942001300255773006400268999001700332 aASbSeriadas10aNotas para la caracterización preliminar de las principales unidades ecológicas de la Zona Caño Liman, Arauca0 aEspañol1 aHernández Camacho, Jorge91003261 aBarbosa, César9951881 aZuluaga Ramírez, Silvio999531 cARTICULO1 tTrianeakActa Científica y Tecnológicah5q85-100d1994 c16131d16131